Episodic Actors Quiz Stats

 Plays Quiz Updated Aug 25, 2015

Score 0/20 Timer 05:00
2 Plays Today
% Correct
Betty White
88.9%
Julia Louis-Dreyfus
88.2%
Ted Danson
85.6%
Kelsey Grammer
84.9%
Mayim Bialik
82.2%
Sara Gilbert
78.8%
Whoopi Goldberg
77%
Rhea Perlman
70.6%
LeVar Burton
69.6%
John Larroquette
68.4%
% Correct
Harry Morgan
65.3%
Bill Cosby
63.8%
Joey Lawrence
62.6%
Gerald McRaney
62.4%
Marcia Wallace
59.3%
Jane Leeves
59.3%
Howard Hesseman
57.2%
Rene Auberjonois
46.7%
Tim Reid
44.7%
Wallace Shawn
37.4%

You're not logged in!

Compare scores with friends on all Sporcle quizzes.
OR
Log In

Show Comments

Extras

Top Quizzes Today


Score Distribution

Your Account Isn't Verified!

In order to create a playlist on Sporcle, you need to verify the email address you used during registration. Go to your Sporcle Settings to finish the process.

Report this User

Report this user for behavior that violates our Community Guidelines.

Details: